Statistics for Every Clone Trooper Type

Click here to take the quiz!

General Stats

  • This quiz has been taken 61 times
  • The average score is 8 of 25

Answer Stats

HintAnswer% Correct
Similarly to the troopers above, these elite clones were also used in spec ops missions, but they were pulled from previous ranks instead of being created for this roleARC Trooper
66%
These clones are specialists in bomb defusalBomb Squad Trooper
66%
These clones had armor designed to be used in under water environmentsScuba Trooper
59%
These elite clone troopers were used for spec ops missions and were trained since birth for their roleClone Commando
54%
These troopers were used to clear out large amounts of enemies at a close range with a flamethrowerFlametrooper
51%
This is the first phase of clone trooper armorPhase One
51%
This is the second phase of clone trooper armorPhase Two
51%
These clones were used to fly ships and drive vehiclesClone Pilot
46%
These were the types of clones that served on forest planets, most notably in KashyyykScout Trooper
46%
Not to be confused with above, but these clones were specifically trained for airborne missions and high-altitude dropsAirborne Trooper
44%
These clones served along side Ki-Adi-Mundi during the battle of MygeetoGalactic Marines
41%
These clones are trained to use AT-RT walkersARF Trooper
39%
These clones were used to operate heavy artillery and vehicle-mounted weaponsGunner Trooper
37%
These clones were used for aerial combatJet Trooper
37%
These clones were used mainly as the security force on important republic worlds, like coruscantShock Trooper
27%
These clone troopers were specifically used in cold environmentsCold Assault Trooper
22%
Similarly to the two above, these clones did have cloth uniforms that showed their rank, but they were trained to work on medical frigates and other medical ships so they could help wounded clonesMedical Officer
20%
These clones were used in stealth ops missions and used experimental black stealth armor that cloaked them from their enemiesShadow Trooper
20%
These clones were trained to use heavy duty weaponry and carry extra supplies and munitions on their backsHeavy Weapons Trooper
17%
Not to be confused with the one above, these clones specifically carried heavy repeating blasters as well as carry supplies and extra munitionsHeavy Gunner
15%
Not to be confused with the above, these clones didn’t serve on the frontlines, but they did serve on capital ships and star destroyersNaval Officer
12%
These clones did serve on the frontlines as commanding figures, but they didn’t wear any armor, instead wearing cloth uniforms that showed their rankArmy Officer
10%
These clones are mainly seen on speeder bikesBiker Squad Trooper
5%
These clones are in charge of maintaining communications with commanding officers and any other clone in their area during combatComms Technician
5%
These clones didn’t serve on the frontlines and they hold no important rank within the G.A.R., but they were used to carry around supplies and weapons while on board ships or on stationary facilities like tipoca city in kaminoMaintanence Clone
2%

Score Distribution

Percentile by Number Answered

Percent of People with Each Score

Your Score History

You have not taken this quiz